000 004330000a22001810004500
003 MACL
005 20160120124253.0
008 160120b xxu||||| |||| 00| 0 eng d
040 _aMACL
_cMACL
041 _aEnglish
082 _a150/HAR
100 _aHarris, Wesley
_933576
245 _aNice Guys Can Win
260 _bMaster Mind Book
_c1995
_aIndia
350 _a75
650 _aPsychology
_933577
942 _cBK
_k150/Har
_2ddc
999 _c31831
_d31831